| 000 | 00561cam a2200169 4500 | ||
|---|---|---|---|
| 001 | 4584029 | ||
| 005 | 20241029194415.0 | ||
| 008 | 750523s1971 gh 001 0 eng | ||
| 050 | 0 | 0 |
_aKRX3570 _b.K66 1971 |
| 082 | 0 | 0 |
_a347.667/035 _a346.670735 _219 |
| 100 | 1 |
_aKom, Enoch D., _d1926- |
|
| 245 | 1 | 0 |
_aCivil Procedure _c[by] Enoch D. Kom. LL.B. (Lond.) of Gray's Inn, Barrister-at-Law. Legal Practitioner, Ghana |
| 260 |
_a[Accra-Tema, Ghana] _bGhana Pub. Corp. _c[1971] |
||
| 300 |
_axvi, 187 p. _c29 cm. |
||
| 650 | 0 |
_aCivil procedure _zGhana. |
|
| 942 |
_2lcc _cBK _n0 |
||
| 999 |
_c360 _d360 |
||